000 00851nam a2200265 a 4500
001 42024
003 BD-RjUL
005 20211209053501.0
008 160608s1977 nyu b 001 0 eng
020 _a0442227884
035 _a(BD-RjUL)42142
040 _aDLC
_cDLC
_dDLC
_dOCoLC
_d(BD-RjUL)
_beng
041 _aeng
082 0 0 _a327.73
_223
_bGRC 1977
100 1 _aGraebner, Norman A.
_9129196
245 1 0 _aCold war diplomacy :
_bAmerican foreign policy, 1945-1975 /
_cNorman A. Graebner.
260 _aNew York :
_bVan Nostrand,
_cc1977.
300 _aviii, 248 p. ;
_c23 cm.
500 _aIncludes index.
504 _aBibliography: p. 237-243.
651 0 _aUnited States
_xForeign relations
_y1945-1989.
_9129197
651 0 _aUnited States
_xForeign relations
_y1945-1989
_xSources.
_9129198
942 _2ddc
_cBK
999 _c42024
_d42024